000 01192nam0a22002531 4500
001 rc\2139532
005 20260407131536.0
035 _a(NLR Aleph) 006491546
090 _a6137871
_c6137871
100 _a20110829d1979 |||y0rusy50 ca
101 0 _arus
102 _aRU
105 _aa z |||||
200 1 _aКраткие сведения о программе расчета колонн абсорбции и ректификации на ЭВМ "Наири-2" программа "Фарк"
_fМ-во высш. и сред. спец. образования РСФСР, Уфим. нефт. ин-т. Каф. процессов и аппаратов хим. технологии
_g[Сост.: Б.К. Марушкин, проф., д. т. н., Л.Г. Теляшева, инж.]
210 _aУфа
_cУНИ
_d1979
215 _a12 с.
_cил.
_d29
702 1 _aТеляшева
_bЛ.Г.
_4220
702 1 _aМарушкин
_bБ.К.
_gБорис Константинович
_4220
712 0 2 _aУфимский нефтяной институт
_3RU\NLR\AUTH\889985447
_9466469
801 0 _aRU
_bNLR
_gpsbo
801 1 _aRU
_bELAR
_2rusmarc
852 _aNLR
_j80-8/171
942 _cBOOK
980 _aNB